A la sombra de la Ilustración: debate entre un filósofo y un científico

Gorde:
Xehetasun bibliografikoak
Egile Nagusiak: Debray, Régis (Egilea), Bricmont, Jean (Egilea)
Formatua: Liburua
Hizkuntza:gaztelania
Argitaratua: Barcelona Paidós 2004
Edizioa:1a. ed
Saila:Paidós Transiciones, 53
Gaiak:
Etiketak: Etiketa erantsi
Etiketarik gabe, Izan zaitez lehena erregistro honi etiketa jartzen!

MARC

LEADER 00000cam a2200000 a 4500
001 UCD4223
003 CL-VaPUC
008 160701e20040000sp |||||||||||||||||spa|d
020 |a 8449315840 
082 0 4 |a 109  |b DEB  |2 21 
100 |a Debray, Régis  |e author  |9 599931 
700 0 |a Bricmont, Jean  |e author  |9 587861 
245 1 0 |a A la sombra de la Ilustración: debate entre un filósofo y un científico 
250 |a 1a. ed 
300 |a 168 p 
942 |c BK 
945 |d 20160701 20:49:00  |a dcastane 
260 |a Barcelona  |b Paidós  |c 2004 
650 0 |a Filosofía de las ciencias  |9 256466 
650 0 |a Filosofía contemporánea  |9 265372 
583 |a last modification  |c 20160701 20:49:00  |k Rodrigo Vera 
490 0 |a Paidós Transiciones, 53 
999 |c 365165  |d 365163 
952 |0 0  |1 0  |3 erb  |4 0  |6 109_000000000000000_DEB_2004  |7 0  |8 A  |9 478912  |a FDOHBE  |b FDOHBE  |e Huesbe Llanos, Marco Antonio, 1934-  |i 5331463  |o 109 DEB 2004  |p 5331463  |r 2024-01-30  |w 2019-11-24  |y BK  |z Catalogado en:20160701  |k HBE